000 00390pab a2200145 454500
008 180718b1983 xxu||||| |||| 00| 0 eng d
100 _aGhatpande, S.M.
245 _aThe role of Nigerian cooperative banks in agricultural finance
260 _c1983
300 _a35-41
362 _aJan.-Mar.
650 _aCooperative Banks - Nigeria
773 _aCooperative Perspective
909 _a6681
999 _c6681
_d6681